000 00470nam a2200145Ia 4500
008 100122s9999 xx 000 0 und d
082 _b8682
_a823.08
100 _aअदवंत म ना
245 _aनसते उपदव्याप
260 _bकॉटीनेंटल बुक सर्व्हीस
_c1956
300 _a120
630 _aनसते उपदव्याप
730 _aनसते उपदव्याप
942 _cBOOK
999 _c400914
_d400911